00984cam a2200301 a 450000100060000000300100000600500170001600700030003300800410003602000150007704000120009204100140010408200250011810000330014324500870017625000280026330000570029133600270034833700330037533800280040850000260043650400390046253400220050165000320052370000430055583000470059883000370064559653CO-BoRNBP20251027205255.0ta000505r1997 sp abf r 00110dspa d a8483060442 ala cla1 aspa heng04a709 bG65h2 219 ed.1 aGombrich, E. H., d1909-200413aLa historia del arte / cE. H. Gombrich ; traducción de Rafael Santos Torroella. a16a. ed. brev. y ampl. a688 p. : bil., mapas, lams. [part. col.] ; c27 cm. 2rdacontentatextobtxt 2rdamediaasin mediaciónbn 2rdacarrieravolumenbnc aIncluye cronología. aIncluye bibliografía e índice. tThe story of art. 7aHistoria del arte.2BLAAUTO1 aSantos Torroella, Rafael, d1914-etr. 0aLista Básica-Bibliotécas Públicas 1. 0aBernardo Ramírez-Colección 1